| 000 | 00470nam a2200181Ia 4500 | ||
|---|---|---|---|
| 003 | GCL | ||
| 008 | 140319s9999 xx 000 0 eng d | ||
| 040 |
_aGCL / _cGCL |
||
| 082 | 0 | 4 |
_aCH _b372.241 _bA F |
| 100 | 1 | _aAPRLEY, BRENDA | |
| 245 | 1 | 0 |
_aFIRST MEASURES / _cAPRLEY, BRENDA |
| 700 | 1 | _aEVERTT, MINI | |
| 260 |
_a[S.N] : _bWORLD INTERNATIONAL PUBLISHING ، _c1992 |
||
| 650 | 0 | 4 | _aELEMENTARY SCHOOL |
| 650 | 0 | 4 | _aCHILDREN |
| 650 | 0 | 4 | _aCOUNTING |
| 942 |
_2ddc _cBK |
||
| 999 |
_c18232 _d18232 |
||